Mura no minzoku /

Saved in:
Bibliographic Details
Main Author: Segawa, Kiyoko, 1895-1984.
Format: Book
Language:Japanese
Published: Tōkyō : Iwasaki Bijutsusha, 1982.
Series:Minzoku mingei sōsho ; 89.
Subjects:
Tags: Add Tag
No Tags, Be the first to tag this record!
LEADER 01025nam a2200301 a 4500
001 007719686-4
005 20024617115255.0
008 830110s1982 ja af 000 0 jpn
010 |a 83103191 //r90 
020 |c Y1900 
035 0 |a ocm17100013 
040 |a DLC  |c DLC  |d WaU  |d *YNH*  |d CStRLIN 
050 0 |a HN723  |b .S38 1982 
100 1 |6 880-01  |a Segawa, Kiyoko,  |d 1895-1984. 
245 1 0 |6 880-02  |a Mura no minzoku /  |c Segawa Kiyoko cho. 
260 |6 880-03  |a Tōkyō :  |b Iwasaki Bijutsusha,  |c 1982. 
300 |a 259 p., [1] leaf of plates :  |b ill. ;  |c 19 cm. 
490 1 |6 880-04  |a Minzoku mingei sōsho ;  |v 89 
651 0 |a Japan  |x Rural conditions. 
650 0 |a Fishing villages  |z Japan. 
880 1 |6 100-01  |a 瀬川清子,  |d 1895-1984. 
880 1 0 |6 245-02  |a 村の民俗 /  |c 瀬川清子著. 
880 |6 260-03  |a 東京 :  |b 岩崎美術社,  |c 1982. 
880 1 |6 490-04  |a 民俗民芸双書 ;  |v 89 
830 0 |6 880-54  |a Minzoku mingei sōsho ;  |v 89. 
880 0 |6 830-54  |a 民俗民芸双書 ;  |v 89. 
988 |a 20021209 
906 |0 DLC